MARC details
| 000 -CABECERA |
| campo de control de longitud fija |
02877cam a2200397 i 4500 |
| 003 - IDENTIFICADOR DEL NÚMERO DE CONTROL |
| campo de control |
DO-SdBNP |
| 005 - FECHA Y HORA DE LA ÚLTIMA TRANSACCIÓN |
| campo de control |
20231004135443.0 |
| 007 - CAMPO FIJO DE DESCRIPCIÓN FÍSICA--INFORMACIÓN GENERAL |
| campo de control de longitud fija |
ta |
| 008 - DATOS DE LONGITUD FIJA--INFORMACIÓN GENERAL |
| campo de control de longitud fija |
751003s2015 sp 000 f spa d |
| 020 ## - NÚMERO INTERNACIONAL ESTÁNDAR DEL LIBRO |
| Número Internacional Estándar del Libro |
9788425393815 |
| 040 ## - FUENTE DE LA CATALOGACIÓN |
| Centro catalogador/agencia de origen |
DO-SdBNP |
| Lengua de catalogación |
spa |
| Centro/agencia transcriptor |
BNPHU |
| Normas de descripción |
rda |
| 082 #4 - NÚMERO DE LA CLASIFICACIÓN DECIMAL DEWEY |
| Número de documento/Ítem |
J27 |
| Número de edición |
22 |
| Número de clasificación |
823 |
| 100 1# - ENTRADA PRINCIPAL--NOMBRE DE PERSONA |
| Nombre de persona |
James, E. L. |
| Fechas asociadas al nombre |
1963- |
| Forma completa/desarrollada del nombre |
Erika Leonard Mitchell, |
| 9 (RLIN) |
84367 |
| 240 10 - TÍTULO UNIFORME |
| Título uniforme |
Grey / |
| Lenguaje de la obra |
Español |
| 245 10 - MENCIÓN DE TÍTULO |
| Título |
Grey / |
| Mención de responsabilidad, etc. |
E. L. James ; traducción Anuvela |
| 246 1# - FORMA VARIANTE DE TÍTULO |
| Título propio/Titulo breve |
Grey : |
| Resto del título |
cincuenta sobras de Grey contada por Christian / |
| 264 #1 - PRODUCCIÓN, PUBLICACIÓN, DISTRIBUCIÓN, FABRICACIÓN Y COPYRIGHT |
| Producción, publicación, distribución, fabricación y copyright |
Barcelona, España : |
| Nombre del de productor, editor, distribuidor, fabricante |
Penguin Random House, |
| -- |
Grijalbo |
| Fecha de producción, publicación, distribución, fabricación o copyright |
2015. |
| 300 ## - DESCRIPCIÓN FÍSICA |
| Extensión |
636 páginas |
| Dimensiones |
23 cm. |
| 336 ## - TIPO DE CONTENIDO |
| Fuente |
rdacontent |
| Término de tipo de contenido |
texto |
| Código de tipo de contenido |
txt |
| 337 ## - TIPO DE MEDIO |
| Fuente |
rdamedia |
| Nombre/término del tipo de medio |
sin mediación |
| Código del tipo de medio |
n |
| 338 ## - TIPO DE SOPORTE |
| Fuente |
rdacarrier |
| Nombre/término del tipo de soporte |
volumen |
| Código del tipo de soporte |
nc |
| 500 ## - NOTA GENERAL |
| Nota general |
Incluye datos biográficos de la autora en la solapa de la contracubierta. |
| 500 ## - NOTA GENERAL |
| Nota general |
El papel utilizado para la impresión de este libro ha sido fabricado a partir de madera procedente de bosques y plantaciones gestionados con los más altos estándares ambientales, garantizando una explotación de los recursos sostenible con el medio ambiente y beneficiosa para las personas. Por este motivo, Greenpeace acredita que este libro cumple los requisitos ambientales y sociales necesarios para ser considerado un libro ¨amigo de los bosques¨, que promueve la conservación y el uso sostenible de los bosques, en especial de los Bosques Primarios, los últimos bosques vírgenes del planeta. |
| 520 ## - SUMARIO, ETC. |
| Sumario, etc. |
Christian Grey ejerce control en todas las cosas; su mundo es ordenado, disciplinado y completamente vacío, hasta el día en que Anastasia Steele cae en su oficina, en una maraña de extremidades torneadas y cabello castaño alborotado. Intenta olvidarla, pero se ve arrastrado por una tormenta de emociones que no puede comprender ni resistir. A diferencia de cualquier mujer que haya conocido antes, la tímida y poco mundana Ana parece ver a través de él: más allá del prodigio de los negocios y el estilo de vida de un ático, llega al corazón frío y herido de Christian. ¿Estar con Ana disipará los horrores de su infancia que persiguen a Christian todas las noches? ¿O sus oscuros deseos sexuales, su compulsión por controlar y el autodesprecio que llena su alma alejarán a esta chica y destruirán la frágil esperanza que ella le ofrece? |
| 590 ## - NOTA LOCAL (RLIN) |
| Nota local |
Inventariado, 2023/ YL |
| 650 #4 - PUNTO DE ACCESO ADICIONAL DE MATERIA--TÉRMINO DE MATERIA |
| Término de materia o nombre geográfico como elemento de entrada |
Dominio y sumisión sexual |
| Subdivisión de forma |
Ficción. |
| 9 (RLIN) |
84368 |
| 650 #4 - PUNTO DE ACCESO ADICIONAL DE MATERIA--TÉRMINO DE MATERIA |
| Término de materia o nombre geográfico como elemento de entrada |
Control (Psicología) |
| Subdivisión de forma |
Ficción. |
| 9 (RLIN) |
84369 |
| 650 #4 - PUNTO DE ACCESO ADICIONAL DE MATERIA--TÉRMINO DE MATERIA |
| Término de materia o nombre geográfico como elemento de entrada |
Hijos de prostitutas |
| Subdivisión de forma |
Ficción. |
| 9 (RLIN) |
84370 |
| 650 #4 - PUNTO DE ACCESO ADICIONAL DE MATERIA--TÉRMINO DE MATERIA |
| Término de materia o nombre geográfico como elemento de entrada |
Adultos víctimas de abuso infantil |
| Subdivisión de forma |
Ficción. |
| 9 (RLIN) |
84371 |
| 650 #4 - PUNTO DE ACCESO ADICIONAL DE MATERIA--TÉRMINO DE MATERIA |
| Término de materia o nombre geográfico como elemento de entrada |
Empresarios |
| Subdivisión de forma |
Ficción. |
| 9 (RLIN) |
84372 |
| 650 #4 - PUNTO DE ACCESO ADICIONAL DE MATERIA--TÉRMINO DE MATERIA |
| Término de materia o nombre geográfico como elemento de entrada |
Estudiantes universitarios |
| Subdivisión de forma |
Ficción. |
| 9 (RLIN) |
84373 |
| 651 ## - PUNTO DE ACCESO ADICIONAL DE MATERIA--NOMBRE GEOGRÁFICO |
| Nombre geográfico |
Seattle (Washington) |
| Subdivisión de forma |
Ficción. |
| 9 (RLIN) |
84374 |
| 710 ## - PUNTO DE ACCESO ADICIONAL--NOMBRE DE ENTIDAD CORPORATIVA |
| Nombre de entidad corporativa o nombre de jurisdicción como elemento de entrada |
Anuvela |
| Término indicativo de función/relación |
traducción |
| 9 (RLIN) |
84375 |
| 910 ## - DATOS DE OPCIÓN DEL USUARIO (OCLC) |
| Datos de opción del usuario |
Ylockward |
| 942 ## - ELEMENTOS DE PUNTO DE ACCESO ADICIONAL (KOHA) |
| Fuente del sistema de clasificación o colocación |
Dewey Decimal Classification |
| Tipo de ítem Koha |
Libro |